| 000 | 00805nam a2200277Ia 4500 | ||
|---|---|---|---|
| 003 | OSt | ||
| 005 | 20221006160142.0 | ||
| 006 | a|||||r|||| 00| 0 | ||
| 007 | ta | ||
| 008 | 221006b |||||||| |||| 00| 0 eng d | ||
| 020 |
_a9788991913752 _c _15.00 |
||
| 024 | _a44,452 | ||
| 037 |
_bGift, KCC (Window on Korea) _cTextual |
||
| 040 |
_aEASL _cEASL _beng |
||
| 041 |
_2eng _aeng |
||
| 082 | _aV49510t4952, Q0 | ||
| 100 |
_aLee Jin-hyuk Ed. _9672123 |
||
| 245 | 0 |
_aDMZ _bThe dividing the two koreas |
|
| 260 |
_aSeoul _bSeoul Selection _c2010 |
||
| 300 |
_a101p. _ccm. |
||
| 490 |
_v KEL _aKorea Essentials No.3 |
||
| 650 | _a Korean War | ||
| 650 | _aKEL | ||
| 942 |
_hV49510t4952, Q0 _cTEXL _2CC |
||
| 999 |
_c1112544 _d1112544 |
||